000 00354nam a2200133Ia 4500
008 220217s9999||||xx |||||||||||||| ||und||
020 _a0-07-048673-5
082 _a005.133 SCH
100 _aSchildt, Herbert
245 0 _aC++ A biginner's guide
260 _aTata mcgraw hill
_bNew Delhi
_c2002
300 _b299
650 _aPROGRAMMING LANGUAGE
999 _c169504
_d169504